Sports Quiz

Random Sports or NCAA Quiz
Score 0/20 Timer 05:00
1 Play Today
% Correct
Wisconsin - Green Bay
65.8%
Cleveland State
65.2%
Wisconsin - Milwaukee
64.6%
Detroit Mercy
60.8%
Wright State
52.4%
Oakland
52%
Illinois at Chicago
51.3%
Youngstown State
50.3%
Panthers
47.3%
Vikings
46.7%
% Correct
Northern Kentucky
45.1%
Indiana - Purdue Indianapolis
44.2%
Phoenix
41.2%
Penguins
40.6%
Golden Grizzlies
39.9%
Flames
39.6%
Norse
39.2%
Titans
38.3%
Jaguars
38.2%
Raiders
33.1%

You're not logged in!

Compare scores with friends on all Sporcle quizzes.
OR
Log In

Sporcle TV

Today on Sporcle TV


Watch our educational content, quiz creation guides, and fun videos on Sporcle TV.

Show Comments

Extras

Top Quizzes Today


Score Distribution

Paid Content

Your Account Isn't Verified!

In order to create a playlist on Sporcle, you need to verify the email address you used during registration. Go to your Sporcle Settings to finish the process.

Report this User

Report this user for behavior that violates our Community Guidelines.

Details: